000 00720nam a2200253Ia 4500
003 OSt
005 20220928130137.0
006 a|||||r|||| 00| 0
007 ta
008 220927b |||||||| |||| 00| 0 eng d
020 _cINR 619.00
024 _a133619
037 _b59, 15/03/2017, Excel Book International
_cTextual
040 _aSDCL
_cSDCL
_beng
041 _2eng
_aeng
082 _aB2894, P8
100 _aBarron E. N.
_9469741
245 0 _aGame theory
_b An introduction
260 _aNew Delhi
_bWiley
_c2008
300 _axx,415p.
_ccm.
650 _aI I C
942 _hB2894, P8
_cTEXL
_2CC
999 _c785450
_d785450